000 00969nam a2200193Ia 4500
001 10482
003 GE_BSU
008 181216s||||||||xx |||||||||||||| ||und||
040 _cGE_BSU
080 _a821.353.1–1
245 _aქართული პოეზია. 15 ტომად:ტ.14. XX საუკუნის პოეზია
245 _cსარედ.კოლ.გრიგოლ აბაშიძე.ან.კალანდაძე.მ.ლებანიძე და სხვ.ტომი შეადგინეს გივი გეგეჭკორმა.ემზარ კვიტაიშვილმა.ტარიელ ჭანტურიამ,მხატვ.დ.დუნდუა.რედ.აკ.ბრეგაძე
260 _aთბილისი
260 _bნაკადული
260 _c1984
300 _a646გვ.18სმ.
653 _aქართული პოეზია
942 _cBK
999 _c43737
_d43737